[Event "Yingmei Cup CHN-chT 2017"]
[Site "?"]
[Date "2017.05.24"]
[Round "6"]
[White "Wang, Chen"]
[Black "Lu, Shanglei"]
[Result "0-1"]
[WhiteElo "2505"]
[BlackElo "2620"]
[Annotator "TA"]
[PlyCount "72"]
[EventDate "2017.??.??"]
[SourceTitle "Jinhua-Lanxi"]

1. d4 d6 2. g3 g6 3. Bg2 Bg7 4. Nf3 f5 5. O-O Nf6 6. c4 O-O 7. b3 e5 {[%emt 0:
00:05] A87: Dutch Defence: Leningrad System: Nf3} (7... Nc6 8. Bb2 Ne4 9. Nbd2
Nxd2 10. Qxd2 e5 11. d5 Nb8 12. Ng5 Qe7 13. f4 e4 14. Bxg7 Qxg7 15. Rac1 h6 16.
Nh3 Nd7 17. Nf2 a5 18. Nd1 Nc5 19. Ne3 {1-0 (74) Neiksans,A (2607)-Piorun,K 
(2655) Jurmala 2016}) 8. Nc3 e4 9. Ne1 c5 {Black has an edge.} 10. Nc2 Nc6 11.
d5 $146 ({Predecessor:} 11. Bb2 d5 12. dxc5 dxc4 13. bxc4 Be6 14. Ne3 Qxd1 15.
Raxd1 {0-1 (64) Yanchenko,R (2384)-Bocharov,I (2472) Kaliningrad 2015}) 11...
Ne5 12. f3 Bd7 13. a4 Qb6 ({Better is} 13... Nh5 $17) 14. Rb1 $11 h6 15. Kh1 g5
16. f4 gxf4 17. Bxf4 Ng6 18. Bd2 Ng4 19. Qe1 Qd8 20. Nd1 h5 21. Nf2 Be5 {
[#] aiming for ...Nxh2!} (21... Qe7 $5 22. Qc1 Bf6 $11) 22. Nh3 Qe7 23. Nf4
Nxf4 24. Bxf4 Rf7 25. h3 Nf6 26. Ne3 {[#]} (26. Bg5 $15) 26... h4 $1 $17 27.
Bg5 $2 (27. b4 $17) 27... Bxg3 $19 28. Qc3 f4 29. Rxf4 $2 (29. b4 cxb4 30. Rxb4
Nxd5 31. Nxd5 Qxg5 32. Rxb7 Bxh3 33. Bxh3 Rxb7 34. Be6+ Kh7 35. Nf6+ Kg6 36.
Nxe4) 29... Bxf4 30. Bxf4 Nh5 31. Bh2 Rg7 32. Ng4 Rf8 33. Rg1 Bxg4 34. hxg4
Rxg4 {( -> ...Ng3+)} 35. Bh3 Rxg1+ 36. Kxg1 Qg5+ {Precision: White = 21%,
Black = 66%.} 0-1

[Event "Yingmei Cup CHN-chT 2017"]
[Site "?"]
[Date "2017.05.24"]
[Round "6"]
[White "Liu, Qingnan"]
[Black "Cheparinov, Ivan"]
[Result "0-1"]
[WhiteElo "2502"]
[BlackElo "2688"]
[Annotator "TA"]
[PlyCount "78"]
[EventDate "2017.??.??"]
[SourceTitle "Jinhua-Lanxi"]

1. e4 g6 2. d4 Bg7 3. Nc3 a6 4. f4 d6 5. Nf3 b5 6. Bd3 Nd7 7. e5 (7. a4 $5)
7... c5 {B06: Modern Defence} 8. Be4 Rb8 9. Ng5 {[#] Strongly threatening e6.}
(9. Be3 cxd4 10. Bxd4 dxe5 11. fxe5 e6 12. O-O Ne7 13. Qe1 O-O 14. a4 b4 15.
Ne2 {0-1 (49) Anand,V (2793)-Caruana,F (2829) London 2014}) 9... Nh6 {The
position is equal.} 10. e6 {Threatens to win with exf7+.} Nf6 11. exf7+ Nxf7
12. Bc6+ Kf8 13. dxc5 dxc5 14. Be3 $146 {White puts up resistance} ({
Predecessor:} 14. Qxd8+ Nxd8 15. Bf3 {0-1 (29) Reinecker,K (2246)-Hoerstmann,R
(2246) Germany 2017}) 14... Qc7 15. Bf3 Nd6 16. Nd5 Nxd5 17. Qxd5 h6 18. Ne6+
Bxe6 $1 19. Qxe6 Bxb2 20. Rd1 Kg7 21. Rd5 Bf6 22. Rxc5 Qa5+ 23. Kf2 {Black
must now prevent g4.} Nf5 24. Rxf5 gxf5 25. Qxf5 h5 26. Bxh5 {Qg6+ would kill
now.} Qxa2 27. Rd1 Rxh5 28. Qxh5 Qxc2+ 29. Rd2 Qh7 30. Qg4+ Kf7 31. Ra2 $2 {[#]
} ({White should try} 31. Bd4 $15 Rd8 32. Ke3) 31... b4 $1 $19 ({Weaker is} 
31... Rg8 32. Qf3 $15) 32. Rxa6 $2 (32. Re2 b3 33. Bc1) 32... b3 33. Rxf6+ Kxf6
{Endgame KQR-KQB} 34. Qg5+ Kf7 35. Qd5+ Kf8 36. Qe5 Qc2+ 37. Kf3 b2 {And now ..
.Qc6+ would win.} 38. Qxb8+ Kf7 39. Qe5 Qc6+ {Precision: White = 45%, Black =
87%.} (39... Qd1+ $142 40. Kg3 b1=Q 41. f5 Qe1+ 42. Kh3 Qb3 43. Qe6+ Qxe6 44.
fxe6+ Kxe6 45. Bh6 Qe5 46. Bc1 Qc3+ 47. Kg4 Qxc1 48. h3 Kd5 49. h4 e5 50. h5 e4
51. h6 Qxh6 52. Kg3 Qd2 53. Kh2 e3 54. Kh3 e2 55. Kh4 e1=Q+ 56. Kh3 Qf4 57. g4
Qh1#) 0-1

[Event "Yingmei Cup CHN-chT 2017"]
[Site "?"]
[Date "2017.05.24"]
[Round "6"]
[White "Lin, Chen"]
[Black "Wan, Yunguo"]
[Result "*"]
[WhiteElo "2475"]
[BlackElo "2492"]
[Annotator "TA"]
[PlyCount "40"]
[EventDate "2017.??.??"]
[SourceTitle "Jinhua-Lanxi"]

1. e4 c5 2. Nf3 Nc6 3. d4 cxd4 4. Nxd4 Qb6 5. Nb3 Nf6 6. Nc3 e6 7. Bd3 a6 8.
O-O Be7 9. Kh1 d6 10. f4 Qc7 11. Qf3 O-O 12. Bd2 b5 {B33: Sicilian: Pelikan
and Sveshnikov Variations} 13. Rae1 Bb7 14. Qh3 Rad8 {Predecessor:} 15. a3 $146
Rfe8 16. Ne2 e5 17. Nc3 Qc8 18. f5 d5 19. Nxd5 Nxd5 20. exd5 Rxd5 {1-0 (39)
Thipsay,P (2463)-Zhang,Z (2624) Jodhpur 2003} *

[Event "Yingmei Cup CHN-chT 2017"]
[Site "?"]
[Date "2017.05.24"]
[Round "6"]
[White "Lin, Chen"]
[Black "Wan, Yunguo"]
[Result "1/2-1/2"]
[WhiteElo "2475"]
[BlackElo "2492"]
[Annotator "TA"]
[PlyCount "93"]
[EventDate "2017.??.??"]
[SourceTitle "Jinhua-Lanxi"]

1. e4 c5 2. Nf3 Nc6 3. d4 cxd4 4. Nxd4 Qb6 5. Nb3 Nf6 6. Nc3 e6 7. Bd3 a6 8.
O-O Be7 9. Kh1 d6 10. f4 Qc7 11. Qf3 O-O 12. Bd2 b5 {B33: Sicilian: Pelikan
and Sveshnikov Variations} 13. Rae1 Bb7 14. Qh3 {Threatens to win with e5!}
Rad8 {White is slightly better.} 15. Nd1 $146 ({Predecessor:} 15. a3 Rfe8 16.
Ne2 e5 17. Nc3 Qc8 18. f5 d5 19. Nxd5 Nxd5 20. exd5 Rxd5 {1-0 (39) Thipsay,P 
(2463)-Zhang,Z (2624) Jodhpur 2003}) 15... d5 16. e5 Ne4 $1 17. Nf2 Nb4 18.
Bxb4 Bxb4 19. c3 Bc5 20. Nxe4 ({Reject} 20. Nxc5 $6 Qxc5 21. a3 (21. Bxe4 dxe4
22. Nxe4 Bxe4 $15) 21... Qb6 $11) (20. Ng4 {with more complications.} Bb6 21.
Nd4 Bxd4 22. cxd4 Kh8 23. Qh4) 20... dxe4 21. Bxe4 Bxe4 22. Rxe4 g6 23. Qf3 Rd7
{The position is equal.} 24. a4 Rfd8 25. axb5 axb5 26. Qe2 Qc6 27. h3 Qd5 28.
Nd4 b4 29. Nf3 bxc3 30. bxc3 Qd3 31. Qxd3 Rxd3 32. Rc1 Rd1+ 33. Rxd1 Rxd1+ $11
{Endgame KRB-KRN} 34. Kh2 h6 35. h4 Rc1 36. Rc4 Be3 37. Rc8+ Kg7 38. Kg3 Rc2
39. Nh2 g5 40. hxg5 hxg5 41. fxg5 Bxg5 42. c4 Kg6 43. Nf3 Be3 44. Rg8+ Kf5 45.
Rg7 f6 46. exf6 {[#] Hoping for f7.} Kxf6 47. Rg4 {Precision: White = 55%,
Black = 78%.} 1/2-1/2

[Event "Yingmei Cup CHN-chT 2017"]
[Site "?"]
[Date "2017.05.24"]
[Round "6"]
[White "Lou, Yiping"]
[Black "Wen, Yang"]
[Result "1/2-1/2"]
[WhiteElo "2467"]
[BlackElo "2613"]
[Annotator "TA"]
[PlyCount "70"]
[EventDate "2017.??.??"]
[SourceTitle "Jinhua-Lanxi"]

1. d4 d5 2. c4 e6 3. Nf3 c6 4. Bg5 Nf6 5. e3 h6 (5... Nbd7 6. Nbd2 h6 7. Bh4 g5
8. Bg3 Nh5 9. Bd3 Nxg3 10. hxg3 Bg7 11. Qc2 Qe7 12. Rc1 O-O 13. O-O e5 14. cxd5
cxd5 15. dxe5 Nxe5 16. Nxe5 Qxe5 {1-0 (58) Vitiugov,N (2719)-Khismatullin,D 
(2642) Chita 2015}) 6. Bh4 {LiveBook: 5 Games. D30: Queen's Gambit Declined:
Systems without Nc3} g5 7. Bg3 Ne4 $146 ({Predecessor:} 7... Bb4+ 8. Nbd2 g4 9.
a3 Be7 10. Ne5 h5 11. Bh4 Nbd7 12. Nd3 dxc4 13. Nxc4 {0-1 (26) Benning,R (1316)
-Hort,M (1850) Verden/Aller 2009}) 8. Be5 {White is slightly better.} Rg8 9.
Nfd2 Nd7 10. Nxe4 Nxe5 11. Ned2 Nxc4 12. Nxc4 dxc4 13. Bxc4 c5 14. Nc3 cxd4 15.
exd4 Bg7 16. d5 Bxc3+ 17. bxc3 exd5 18. Bxd5 {next 0-0 is good for White.} Qe7+
19. Qe2 Rb8 (19... Be6 {feels hotter.} 20. Bb3 Bf5 21. Rd1 Rc8 22. Rd5 Qxe2+
23. Kxe2 Be6) 20. Qxe7+ (20. h4 {is more complex.} b5 21. Rd1 Rb6 22. Rd4 Qxe2+
23. Kxe2 Be6 24. Re4) 20... Kxe7 21. O-O-O Bf5 22. Rhe1+ Kf6 23. Bb3 Rgd8 24.
Rxd8 (24. Re3 {seems wilder.} Rxd1+ 25. Kxd1 Rd8+ 26. Ke2 Bg4+ 27. Ke1) 24...
Rxd8 25. Rd1 Rxd1+ 26. Bxd1 $11 {Endgame KB-KB} Ke5 27. Kd2 Be6 28. a3 f5 29.
Kd3 Bd5 30. g3 b5 31. Ke3 {The position is equal.} f4+ 32. Kd2 Ke4 33. Bh5 Be6
34. Be2 Bc4 {[#] aiming for ...Bxe2.} 35. Bh5 Ke5 {Precision: White = 62%,
Black = 68%.} 1/2-1/2

[Event "Yingmei Cup CHN-chT 2017"]
[Site "?"]
[Date "2017.05.24"]
[Round "6"]
[White "Fang, Yan"]
[Black "Fang, Yuxiang"]
[Result "1/2-1/2"]
[WhiteElo "2447"]
[BlackElo "2498"]
[Annotator "TA"]
[PlyCount "81"]
[EventDate "2017.??.??"]
[SourceTitle "Jinhua-Lanxi"]

1. e4 e5 2. Nf3 Nc6 3. Nc3 Nf6 4. d4 exd4 5. Nxd4 Bb4 6. Nxc6 bxc6 7. Bd3 d5 8.
exd5 cxd5 9. O-O O-O 10. Bg5 c6 11. Qf3 Bd6 12. Rae1 Rb8 13. Nd1 h6 {[%emt 0:
00:04] C7: Scotch Four Knights and Four Knights with 4 g3} 14. Bxf6 Qxf6 15.
Qxf6 gxf6 16. b3 Bd7 17. Ne3 Bb4 {LiveBook: 5 Games} 18. Rd1 Rfe8 19. Nf5 h5
20. h3 Bc3 $146 ({Predecessor:} 20... Rb6 21. Ng3 h4 22. Ne2 c5 23. c3 Ba5 24.
Nf4 Bc6 25. c4 {1/2-1/2 (25) Balosetti,D (1776)-Fedeli,L (2079) ICCF email 2010
}) 21. Ng3 h4 22. Nf5 Rb4 23. g4 hxg3 24. fxg3 c5 25. Rf3 Be5 26. Bf1 Be6 27.
Bg2 a5 28. Ne3 d4 29. Ng4 Kg7 30. Rdf1 Bxg4 31. hxg4 {[#]} d3 $1 32. Rxd3 (32.
cxd3 a4) 32... Rxg4 {White should prevent ...Bd4+.} 33. Bc6 Re7 34. Rff3 c4 35.
Rd7 Rxd7 36. Bxd7 $11 {KRB-KRB} Rd4 {[#] And now ...cxb3 would win.} 37. Bf5
Kh6 38. c3 Rd1+ 39. Rf1 Rd2 40. Rf2 Rxf2 41. Kxf2 {Precision: White = 57%,
Black = 69%.} 1/2-1/2

[Event "Yingmei Cup CHN-chT 2017"]
[Site "?"]
[Date "2017.05.24"]
[Round "6"]
[White "Wang, Yiye"]
[Black "Xu, Zhihang"]
[Result "1-0"]
[WhiteElo "2425"]
[BlackElo "2155"]
[Annotator "TA"]
[PlyCount "52"]
[EventDate "2017.??.??"]
[SourceTitle "Jinhua-Lanxi"]

1. e4 c5 2. Nf3 g6 3. c3 Bg7 4. d4 cxd4 5. cxd4 d5 6. e5 Bg4 7. Bb5+ Nc6 8.
Bxc6+ bxc6 9. Nbd2 Nh6 {B27: Sicilian: 2 Nf3, unusual Black 2nd moves} 10. O-O
O-O 11. h3 Bxf3 (11... Bd7 12. Nb3 f6 13. Nc5 Bf5 14. Re1 Nf7 15. Qa4 fxe5 16.
Nxe5 Nxe5 17. dxe5 {1-0 (29) Kramnik,V (2791)-Vachier Lagrave,M (2703) Moscow
2010}) 12. Nxf3 Qb6 13. b3 c5 {LiveBook: 3 Games} ({Black should try} 13... f6
$14) 14. Bf4 $146 ({Predecessor:} 14. Ba3 cxd4 15. Bxe7 Rfe8 16. Bg5 Nf5 17. g4
{1/2-1/2 (42) Philippe,C (2364)-Koch,J (2452) France 2007}) 14... Nf5 (14... e6
$16) 15. dxc5 $18 Qb4 {[#]} 16. Qd2 $1 Qxd2 17. Bxd2 ({Stronger than} 17. Nxd2
Nd4 $11) 17... e6 18. b4 Rfc8 19. Rfc1 Ne7 (19... f6 $142) 20. b5 Rab8 21. Rab1
d4 22. Bg5 ({Much less strong is} 22. Nxd4 Bxe5 23. Nf3 Bc7 $18) 22... Nd5 {
Black wants to play ...Nc3.} 23. Nxd4 Bxe5 24. Nc6 Rxc6 25. bxc6 {[#] Strongly
threatening Rxb8+.} Rc8 26. Rb7 a6 1-0

[Event "Yingmei Cup CHN-chT 2017"]
[Site "?"]
[Date "2017.05.24"]
[Round "6"]
[White "Ding, Yixin"]
[Black "Lei, Tingjie"]
[Result "1/2-1/2"]
[WhiteElo "2420"]
[BlackElo "2471"]
[Annotator "TA"]
[PlyCount "105"]
[EventDate "2017.??.??"]
[SourceTitle "Jinhua-Lanxi"]

1. e4 e6 2. d4 d5 3. Nc3 Nf6 4. e5 Nfd7 5. f4 c5 6. Nf3 Nc6 7. Be3 a6 8. Qd2 b5
9. Nd1 Qb6 10. Be2 (10. c3 {looks sharper.} a5 11. a3 c4 12. g3 a4 13. Nf2)
10... cxd4 {C11: French: Classical System: 4 e5 and 4 Bg5 dxe4} 11. Nxd4 Nxd4
12. Bxd4 Bc5 13. c3 b4 14. O-O O-O (14... a5 15. Bg4 O-O 16. Ne3 Ba6 17. Rfe1
g6 18. Nxd5 exd5 19. Bxd7 {0-1 (43) Ponomariov,R (2712)-Wang,H (2717) Huaian
2016}) 15. Ne3 a5 16. f5 Nxe5 17. f6 $1 Rd8 $146 (17... Re8 $11) ({Predecessor:
} 17... Bxd4 18. cxd4 Nc6 19. Nc2 h6 20. Rf3 Nxd4 21. Qxd4 Qxd4+ 22. Nxd4 g6
23. Rc1 Ba6 24. Bxa6 Rxa6 25. Rc7 {1-0 (25) Rombaldoni,A (2484)-Ryzhkov,V 
(2147) Porto Mannu 2013}) 18. fxg7 (18. Kh1 $1 $14) 18... f5 $11 19. g4 ({
Better is} 19. Kh1 $11) 19... Bxd4 (19... Ra7 $15) 20. cxd4 Nc4 $1 21. Nxc4
dxc4 22. Rad1 Ra7 23. Bxc4 Rxg7 24. Rxf5 (24. Rf4 $142) 24... Rxg4+ $17 25. Kf1
Rg7 ({Much worse is} 25... Qxd4 $6 26. Qxd4 Rgxd4 27. Rxd4 $11) (25... Rdxd4
$17 26. Rg5+ Kf7 27. Qf2+ Rgf4 28. Rf5+ Ke7 29. Rxf4 Rxd1+ 30. Ke2 Qxf2+ 31.
Rxf2 Rd4) 26. Rg5 $36 {[#] Strongly threatening Rxg7+. White fights for an
advantage.} Rdd7 27. b3 Qd6 28. Ke1 Rdf7 29. Rxg7+ Rxg7 30. Qf2 Bb7 31. Rd3 Bd5
32. Bxd5 exd5 33. Rg3 Rxg3 34. hxg3 {Endgame KQ-KQ} Qg6 35. Kf1 Qd3+ 36. Kg2
Qe4+ 37. Kh2 Kg7 38. Kg1 Kg6 39. Kh2 Kg5 40. Qf7 {[#]} (40. Qd2+ $11 Kf5 41.
Qd1) 40... Qc2+ ({Of course not} 40... Qxd4 $6 41. Qg8+ Kf5 42. Qxh7+ Kg5 43.
Qg8+ Kf5 44. Kg2 $11) ({Black should play} 40... Kg4 $1 $17 {And now ...Qe2+
would win.} 41. Qf1 Qxd4 42. Qe2+ Kf5 43. Qh5+ Ke4 44. Qxh7+ Ke3) 41. Kg1 {
The position is equal.} Qb1+ 42. Kh2 Qc2+ 43. Kg1 Qd1+ 44. Kg2 Qe2+ 45. Kg1
Qe3+ 46. Kh2 Qxd4 47. Qg8+ $1 Kh6 48. Qf8+ Kg6 {...Qd2+ is the strong threat.}
49. Qg8+ Kh6 50. Qf8+ Qg7 51. Qd6+ Qg6 52. Qf8+ Qg7 53. Qd6+ {Precision: White
= 78%, Black = 55%.} 1/2-1/2

[Event "Yingmei Cup CHN-chT 2017"]
[Site "?"]
[Date "2017.05.24"]
[Round "6"]
[White "Daulyte, Deimante"]
[Black "Gu, Tianlu"]
[Result "1-0"]
[WhiteElo "2416"]
[BlackElo "2212"]
[Annotator "TA"]
[PlyCount "107"]
[EventDate "2017.??.??"]
[SourceTitle "Jinhua-Lanxi"]

1. e4 c5 2. Nc3 Nc6 3. Bb5 Nd4 4. Nf3 g6 5. Bc4 Bg7 6. Nxd4 cxd4 7. Qf3 e6 8.
Nb5 d6 9. Qa3 $1 Be5 {B23: Closed Sicilian: Lines without g3} (9... Bf8 $16 {
was necessary.}) (9... Ke7 10. c3 dxc3 11. dxc3 a6 12. Nd4 e5 13. Nc2 Be6 14.
Qb3 Qc7 15. Bd5 Bxd5 16. Qxd5 Qc6 17. Qd3 h6 18. Nb4 Qe8 19. Nd5+ {1-0 (19)
Hou,Y (2673)-Cramling,P (2518) Beijing 2014}) 10. c3 (10. O-O $18 {Strongly
threatening f4.} a6 11. f4) 10... d5 $16 11. exd5 $146 ({Predecessor:} 11. cxd4
Bb8 12. exd5 exd5 13. Be2 Ne7 14. O-O O-O 15. d3 Nf5 16. Bg4 Qb6 17. Bxf5 Bxf5
{1-0 (59) Kulhanek,T (2376) -Jirasek,P (2177) Chrudim 2004}) 11... exd5 {
[#]White is better.} 12. Be2 ({White should play} 12. O-O $1 $16) 12... Qe7 (
12... d3 $11 13. Bxd3 Ne7) 13. cxd4 Qxa3 14. bxa3 Bb8 15. a4 Bd7 16. Ba3 a6 17.
Nc3 Nf6 18. O-O Bc6 19. Bd3 {And now Rae1+ would win.} Kd7 20. Rae1 {Hoping
for Re7+.} Bd6 21. Bxd6 Kxd6 22. Re3 $36 {Black is under strong pressure.} Rhe8
23. Rf3 Re6 24. a5 Ke7 25. Re3 Rd8 26. f3 Kd6 27. Rfe1 Rde8 28. Bc2 Nd7 29. Kf2
R6e7 30. Bb3 Re6 31. Ne2 Rc8 32. Nf4 Rf6 33. Nd3 Nf8 34. Re5 Ne6 35. Nb4 Nc7
36. g3 Re6 37. f4 f6 38. R5e3 Rce8 39. g4 Nb5 40. f5 gxf5 41. gxf5 Rxe3 42.
dxe3 Nc3 43. Bc2 (43. Rg1 $16) 43... Bd7 {[#]} 44. Rg1 $1 Ne4+ (44... b6 $16)
45. Bxe4 $1 $18 Rxe4 {Endgame KRB-KRN} 46. Rg7 Rh4 47. Nxd5 (47. Kg3 $18 Rh5
48. Nxd5 Kxd5 49. Rxd7+ Ke4 50. Re7+ (50. Rxb7 Kxe3 51. d5 Rg5+ 52. Kh4 Rg2 $16
) 50... Kxf5 51. e4+ (51. Rxb7 Ke4 $16) 51... Kg6 52. d5 (52. Rxb7 Rxa5 53. Rb2
Kg5 $16)) 47... Rxh2+ (47... Bxf5 $16 {keeps fighting.} 48. Nxf6 Ke6) 48. Kg3
Rxa2 (48... Rh1 $142) 49. Nxf6 Bxf5 50. Rxb7 Rxa5 51. Kf4 ({Not} 51. Nxh7 Bd3
$16) 51... Bc8 52. Ne8+ Ke6 53. Rxh7 {Threatens to win with e4.} Rf5+ $2 (53...
Ra1 $18 54. Rh6+ Ke7) 54. Ke4 {Precision: White = 50%, Black = 48%.} 1-0

[Event "Yingmei Cup CHN-chT 2017"]
[Site "?"]
[Date "2017.05.24"]
[Round "6"]
[White "Pham, Le Thao Nguyen"]
[Black "Zhao, Xue"]
[Result "1-0"]
[WhiteElo "2331"]
[BlackElo "2499"]
[Annotator "TA"]
[PlyCount "89"]
[EventDate "2017.??.??"]
[SourceTitle "Jinhua-Lanxi"]

1. d4 Nf6 2. c4 e6 3. Nf3 b6 4. g3 Bb4+ 5. Bd2 a5 6. Bg2 Bb7 7. O-O O-O 8. a3
Be7 9. Nc3 {LiveBook: 7 Games} Na6 {E16: Queen's Indian: 4 g3 Bb7 5 Bg2 Bb4+} (
9... Ne4 10. d5 Nxd2 11. Qxd2 Na6 12. Rad1 Nc5 13. e4 a4 14. Rfe1 exd5 15. Nxd5
Re8 16. e5 Bxd5 17. cxd5 {0-1 (48) Rusev,K (2541) -Granda Zuniga,J (2628)
Navalmoral 2008}) 10. Re1 d5 $146 ({Predecessor:} 10... c5 11. e4 cxd4 12. Nxd4
Rc8 13. Qe2 d6 14. Be3 Nc5 15. f3 Re8 16. Rad1 Qc7 17. Bf4 {1-0 (73) Balogh,T 
(2300)-Kebis,M (2190) Slovakia 1996}) 11. cxd5 exd5 {White is slightly better.}
12. Bg5 Re8 13. Rc1 h6 14. Bxf6 Bxf6 15. Rc2 Qe7 16. e3 Rad8 17. Qc1 c5 18. Na4
Bc6 19. Nxb6 Qb7 20. dxc5 {Strongly threatening Bf1.} d4 {Threatens to win
with ...dxe3.} 21. Nc4 $1 Bxf3 (21... Qa8 $1 $14 22. Nd6 (22. Nb6 Qb7 $14)
22... Bxf3 23. Nxe8 Rxe8 24. Bxf3 Qxf3) 22. Nd6 $16 Rxd6 23. Bxf3 Qxf3 24. cxd6
{Black must now prevent Rc8.} dxe3 $2 (24... Qf5 $16) 25. d7 $18 ({Worse is} 
25. fxe3 Qf5 $11) 25... Rd8 26. Rxe3 Qf5 27. Re8+ Kh7 28. Rxd8 Bxd8 29. Rc6 $1
Nc7 $2 (29... Qd3 30. Qf1 Qxf1+ 31. Kxf1 Nc7) 30. Rxc7 Bxc7 31. Qxc7 {Endgame
KQ-KQ} Qb1+ 32. Kg2 Qe4+ 33. Kf1 Qb1+ {[#]} 34. Kg2 $2 (34. Ke2 $1 Qxb2+ 35.
Kd1 Qd4+ 36. Kc1 Qa1+ 37. Kc2 Qa2+ 38. Kd3) 34... Qe4+ 35. Kf1 $2 (35. f3 Qe2+
36. Kh3 Qe6+ 37. Kg2 Qe2+ 38. Kh3 Qe6+ 39. g4) 35... Qb1+ $1 {[#]} 36. Ke2 $1
Qxb2+ 37. Kf3 Qb3+ 38. Ke4 Qb1+ 39. Kd5 Qb3+ 40. Kc6 Qf3+ 41. Kb5 {White is
clearly winning.} Qd5+ 42. Kb6 Qd4+ 43. Kb7 Qd5+ 44. Kb8 Qb5+ 45. Ka7 {
Precision: White = 52%, Black = 41%.} 1-0

[Event "Yingmei Cup CHN-chT 2017"]
[Site "?"]
[Date "2017.05.24"]
[Round "6"]
[White "Zhai, Mo"]
[Black "Yuan, Ye"]
[Result "1-0"]
[WhiteElo "2303"]
[BlackElo "2306"]
[Annotator "TA"]
[PlyCount "109"]
[EventDate "2017.??.??"]
[SourceTitle "Jinhua-Lanxi"]

1. d4 d5 2. c4 e6 3. cxd5 exd5 4. Nc3 c6 5. Bf4 Nf6 6. e3 Bf5 7. Nge2 Bd6 {
D31: Queen's Gambit Declined: Semi-Slav without ...Nf6 (+ Marshall Gambit and
Noteboom) and Exchange Variation lines without ...Nf6} (7... Qb6 8. Qd2 Ne4 9.
Nxe4 Bxe4 10. a3 Nd7 11. Nc3 Nf6 12. Bg5 Be7 13. Bxf6 Bxf6 14. Nxe4 dxe4 15.
Bc4 {1-0 (35) Markus,R (2605)-Perunovic,M (2614) Valjevo 2012}) 8. Bxd6 Qxd6 9.
Ng3 Bg6 {LiveBook: 12 Games. The position is equal.} 10. Bd3 Bxd3 11. Qxd3 O-O
12. O-O Nbd7 13. f3 Rad8 14. Rad1 Rfe8 (14... Qc7 $11) 15. Kh1 $146 (15. e4 $1
$16) ({Predecessor:} 15. e4 dxe4 16. fxe4 {1-0 (49) Juergens,V (2307)
-Delemarre,I (2258) Germany 2000}) 15... Qe6 16. Rfe1 Nf8 17. e4 dxe4 18. fxe4
Ng6 (18... c5 $5) 19. Qf3 Nh4 20. Qf4 Ng6 21. Qf1 Qg4 22. e5 Nd5 23. Nge4 Re6
24. Rd3 Ndf4 (24... Re7 $14) 25. Rg3 $16 Qh4 (25... Qh5 $16 {might work better.
}) 26. Rf3 $18 {Black must now prevent g3.} Qh6 (26... Qg4 $142) 27. Nd6 f6 {
intending ...Qh5.} 28. g3 (28. Nxb7 Rxd4 29. exf6 gxf6 $16) 28... Nd5 29. Nxd5
cxd5 30. Rf2 (30. Nxb7 $18 Rf8 31. Nc5) 30... b6 $16 31. Rc1 {Rc7 is the
strong threat.} Qe3 (31... Ne7 $142) 32. Rc7 ({Better is} 32. Nf5 $1 $16 Qe4+
33. Kg1 fxe5 34. Rc7 exd4 35. Rxg7+ Kh8 36. Qh3 (36. Rxa7 Rf8 $11)) 32... Ne7
33. Rxa7 ({Much weaker is} 33. Qh3 $6 Rexd6 34. exd6 Qxf2 $11) (33. Rf4 $1 $14
fxe5 34. Rd7 (34. Rf3 Qxd4 35. Rd7 Rxd6 $16) 34... Rxd6 35. Rxd6) 33... Qxd4
$11 34. exf6 gxf6 35. Nb5 (35. Rf4 $5 Qxb2 36. Nf5 Nxf5 37. Rxf5 $11) 35...
Qe4+ 36. Kg1 f5 (36... d4 $142) 37. Ra3 Rc8 38. Rf4 Qe5 (38... Qe2 $11 {
remains equal.}) 39. Nd4 $16 Rf6 40. Qf2 $36 {White is on the roll.} Rcf8 (
40... Rc1+ $142 41. Kg2 Qe1) 41. Re3 Qd6 42. Ref3 Qe5 43. Kg2 h5 44. Rh4 (44.
Re3 $142 Qd6 45. Ref3) 44... Rh6 (44... Ng6 $16 45. Rxh5 Qe4) 45. Re3 $18 Qd6
46. Qf4 Ng6 (46... Qxf4 $16 {was necessary.} 47. Rxf4 Nc6 48. Nxf5 Rg6) 47. Qg5
{And now Re6 would win.} ({Inferior is} 47. Qxd6 Nxh4+ 48. gxh4 Rxd6 $17) 47...
Kh7 $2 (47... Qf6 48. Rxh5 Rxh5 49. Qxh5 Ne7) 48. Rxh5 Nf4+ 49. gxf4 Rg8 {[#]}
50. Nxf5 (50. Re7+ $142 $1 Kh8 {[#]} (50... Qxe7 51. Rxh6#) 51. Re8 $1 Rxe8 52.
Rxh6+ Qxh6 53. Qxh6+ Kg8 54. Qg6+ Kh8 55. Qxe8+ Kg7 56. Qe7+ Kg6 57. Ne6 Kh6
58. Qg7+ Kh5 59. Qg5#) 50... Rxg5+ 51. fxg5 Qd7 52. Rxh6+ {White mates.} Kg8
53. Rg6+ Kf8 54. Rf6+ Kg8 55. Re7 {Precision: White = 56%, Black = 28%.} 1-0

[Event "Yingmei Cup CHN-chT 2017"]
[Site "?"]
[Date "2017.05.24"]
[Round "6"]
[White "Xiao, Yiyi"]
[Black "Liu, Shilan"]
[Result "1-0"]
[WhiteElo "2290"]
[BlackElo "2255"]
[Annotator "TA"]
[PlyCount "111"]
[EventDate "2017.??.??"]
[SourceTitle "Jinhua-Lanxi"]

1. Nf3 Nf6 2. g3 c5 3. Bg2 d5 4. c4 Nc6 5. cxd5 Nxd5 6. O-O e6 7. d4 Be7 8. Nc3
cxd4 9. Nxd5 exd5 10. Nxd4 O-O 11. Be3 Bf6 12. Rc1 Bxd4 13. Bxd4 {LiveBook: 3
Games. A34: Symmetrical English: 2 Nc3, lines with ...d5} Be6 14. e3 Qd7 15.
Bc3 {White is slightly better.} Rfd8 16. Qh5 f6 17. Rfd1 Qf7 18. Qxf7+ $146 ({
Predecessor:} 18. Qh4 Rd7 19. a3 Rad8 20. Qa4 a6 {1-0 (77) Polishchuk,O (2228)
-Martynenko,N Odessa 2008}) 18... Kxf7 19. a3 Rd7 20. b4 a6 21. Bf3 Rc8 (21...
Ne5 $11 22. Bg2 Rc8) 22. Bb2 (22. Bd4 {is interesting.} Re7 23. Bc5 Rd7 24. Be2
g6 25. Bb6) 22... Ne7 23. Bd4 Rxc1 24. Rxc1 Nc6 25. Bc5 Ne5 26. Be2 Nc4 27. a4
Bf5 28. Kg2 Nb2 29. g4 Be4+ 30. f3 Bd3 31. Bxd3 Nxd3 $14 {Endgame KRB-KRN} 32.
Rc3 Nb2 33. Ra3 Nc4 34. Ra1 g6 35. Kg3 Ke6 36. h4 h5 37. a5 f5 38. gxh5 gxh5
39. Bd4 {Threatens to win with Kf4.} Ne5 40. Kf4 Nd3+ 41. Kg5 f4 42. Ra3 Nxb4
43. exf4 Nc2 (43... Nc6 $5 44. f5+ Kf7 $11) 44. f5+ Kd6 {[#]} (44... Kf7 $1 $11
{keeps the balance.} 45. Rd3 Nb4) 45. Rd3 (45. Bc5+ $1 $16 Kxc5 46. Rc3+ Kb4
47. Rxc2) 45... Nxd4 $11 46. Rxd4 {And now Kg6 would win. KR-KR} Ke5 47. Rd1
Rg7+ 48. Kxh5 Rg3 $1 49. Rd3 Kxf5 (49... Rg8 $1 $11) 50. Rxd5+ $16 Kf6 (50...
Ke6 $16 51. Rd3 Rg8) 51. Rd6+ $18 Kf5 $2 {[#]} (51... Ke5 {was called for.} 52.
Rd7 Ke6 53. Rxb7 Rxf3 54. Rb6+ Kf5 55. Rxa6 Rb3) 52. Rd7 {White is clearly
winning.} Ke5 (52... Kf6 $142 53. Rxb7 Rxf3) 53. Rxb7 Rxf3 54. Rb6 Ra3 55. Rxa6
Kf5 56. Kh6 {Precision: White = 44%, Black = 43%.} 1-0